| 000 | 00361pab a2200157 454500 | ||
|---|---|---|---|
| 008 | 180718b1983 xxu||||| |||| 00| 0 eng d | ||
| 100 | _aAshok Raj | ||
| 245 |
_aTV growth _bPromise and performance |
||
| 260 | _c1983 | ||
| 300 | _a267-71 | ||
| 362 | _aOct. | ||
| 650 | _aTelevision - India | ||
| 700 | _aC. Vishnu Mohan | ||
| 773 | _aVidura | ||
| 909 | _a19271 | ||
| 999 |
_c19271 _d19271 |
||